| 000 | 01207nam a22002535a 4500 | ||
|---|---|---|---|
| 003 | OSt | ||
| 005 | 20170408104304.0 | ||
| 008 | 160922s2009 xx frb 000 0 ara d | ||
| 015 | _a2009 / 8632 | ||
| 020 | _a9789770460774 | ||
| 040 |
_aEG-ScBUE _bara _cEG-ScBUE |
||
| 082 | 0 | 4 |
_a346.020285 _bأ ح م _222 |
| 100 | 1 |
_aأحمد، وائل حمدي. _941047 |
|
| 245 | 1 | 2 |
_aالخطابات الإلكترونية في العقود الدولية : _bدراسة تحليلية مقارنة لاتفاقية الامم المتحدة المتعلقة بأستخدام الخطابات الألكترونية في العقود الدولية 2006 / _cوائل حمدي أحمد. |
| 260 |
_a[د. م. : _bد. ن.]، _c2009. |
||
| 300 |
_a(متعدد الترقيم) ؛ _c24 سم. |
||
| 504 | _aيشتمل على إرجاعات ببليوجرافية. | ||
| 630 | 0 | 7 |
_aاتفاقية الأمم المتحدة لاستخدام الخطابات الإلكترونية في العقود الدولية _2BUEsh |
| 650 | 7 |
_aالعقود الإلكترونية (قانون دولي) _2BUEsh |
|
| 650 | 7 |
_aالعقود (قانون دولي) _2BUEsh |
|
| 651 | _2BUEsh | ||
| 653 |
_bLLAAWW _cApril2017 |
||
| 942 | _2ddc | ||
| 999 |
_c24594 _d24566 |
||